[Event "16e Tournoi d'Automne - Tournoi A"]
[Site "Montigny le Bretonneux"]
[Date "2017.10.26"]
[Round "6.3"]
[White "Forissier, Nicolas"]
[Black "O'Sullivan, Thomas"]
[Result "0-1"]
[WhiteElo "1980"]
[BlackElo "2222"]
[Annotator "Rivier,Sylvain"]
[PlyCount "60"]
[EventDate "2017.??.??"]

{Défense Grünfeld, variante Alekhine} 1. d4 Nf6 2. c4 g6 3. Nc3 d5 4. cxd5 Nxd5
5. e4 Nxc3 6. bxc3 Bg7 7. Bc4 c5 8. Be3 Nc6 9. Ne2 O-O 10. O-O Bg4 11. f3 Bd7
12. Rb1 Qc7 13. Bb5 Rfd8 14. Qb3 e6 15. Qa3 cxd4 16. cxd4 a6 17. Bxc6 Bxc6 18.
Rfc1 Qd7 19. Rd1 Rac8 20. Rd2 f5 21. Bg5 Re8 22. Qe3 Bb5 23. Nc3 Bc4 24. Na4
Qxa4 25. Rxb7 Qa5 26. Rd1 Rc7 27. Rb2 fxe4 28. fxe4 Rf7 29. e5 Ref8 30. Rbb1
Qxa2 0-1

[Event "16e Tournoi d'Automne - Tournoi A"]
[Site "Montigny le Bretonneux"]
[Date "2017.10.26"]
[Round "6.4"]
[White "Veron, Cyprien"]
[Black "Meillon, Judicael"]
[Result "1/2-1/2"]
[WhiteElo "1990"]
[BlackElo "1847"]
[Annotator "Rivier,Sylvain"]
[PlyCount "50"]
[EventDate "2017.??.??"]

{Défense est-indienne, variante du fianchetto principale} 1. Nf3 Nf6 2. c4 g6
3. g3 Bg7 4. Bg2 d6 5. d4 O-O 6. O-O Nbd7 7. Nc3 c6 8. e4 e5 9. h3 Qc7 10. Be3
Re8 11. Qc2 Nb6 12. b3 d5 13. Nxe5 dxe4 14. c5 Nbd5 15. Nxd5 Nxd5 16. Kh2 Bxe5
17. dxe5 Nxe3 18. fxe3 Qxe5 19. Qc4 Be6 20. Qxe4 Qxe4 21. Bxe4 Bxh3 22. Bxc6
bxc6 23. Kxh3 Rxe3 24. Rf6 Re6 25. Raf1 Rxf6 1/2-1/2

[Event "16e Tournoi d'Automne - Tournoi A"]
[Site "Montigny le Bretonneux"]
[Date "2017.10.27"]
[Round "7.1"]
[White "Dubois, Loic"]
[Black "David, Frederic"]
[Result "1/2-1/2"]
[WhiteElo "2247"]
[BlackElo "1955"]
[Annotator "Rivier,Sylvain"]
[PlyCount "44"]
[EventDate "2017.??.??"]

{Partie du pion dame} 1. d4 d5 2. Nf3 e6 3. e3 Nf6 4. Bd3 Nbd7 5. O-O Bd6 6.
Nbd2 O-O 7. e4 dxe4 8. Nxe4 Nxe4 9. Bxe4 h6 10. Re1 Nf6 11. Bd3 b6 12. Ne5 Bb7
13. Qe2 Rc8 14. Bf4 c5 15. Qd2 Bxe5 16. Bxe5 c4 17. Be2 c3 18. bxc3 Ne4 19. Qe3
Nxc3 20. Bd3 Qg5 21. Qh3 Nd5 22. c4 Nf4 1/2-1/2

[Event "16e Tournoi d'Automne - Tournoi A"]
[Site "Montigny le Bretonneux"]
[Date "2017.10.27"]
[Round "7.2"]
[White "O'Sullivan, Thomas"]
[Black "Daurelle, Herve"]
[Result "0-1"]
[WhiteElo "2222"]
[BlackElo "2180"]
[Annotator "Rivier,Sylvain"]
[PlyCount "130"]
[EventDate "2017.??.??"]

{Gambit dame} 1. d4 Nf6 2. c4 e6 3. Nc3 d5 4. cxd5 Nxd5 5. e4 Nxc3 6. bxc3 c5
7. Rb1 cxd4 8. cxd4 Be7 9. Nf3 O-O 10. Bc4 Nc6 11. O-O Na5 12. Bd3 b6 13. Qe2
Bb7 14. Rd1 Re8 15. Bd2 Nc6 16. Bc3 Bf8 17. Qb2 Ne7 18. d5 exd5 19. Bb5 Bc6 20.
Bxc6 Nxc6 21. Rxd5 Qe7 22. Rg5 g6 23. Re1 Rac8 24. h4 Qa3 25. Qxa3 Bxa3 26. Rb5
Bc5 27. e5 Rcd8 28. Ng5 Bd4 29. Bxd4 Nxd4 30. Rb2 Kg7 31. f4 Nf5 32. h5 gxh5
33. Rc2 Re7 34. Rec1 Nd4 35. Rd2 Red7 36. Rcd1 Ne2+ 37. Rxe2 Rxd1+ 38. Kh2 R1d2
39. Re1 Rd1 40. Re2 R8d2 41. Re3 Rd3 42. Re2 R1d2 43. Re1 Rxa2 44. Ne4 Rf3 45.
Nf6 Rff2 46. Rg1 Kg6 47. Nd5 Kf5 48. Kg3 Rfd2 49. Ne3+ Ke4 50. Nc4 Rxg2+ 51.
Rxg2 Rxg2+ 52. Kxg2 Kxf4 53. Kf2 h4 54. Kg2 h5 55. Kh3 b5 56. Nd6 b4 57. Nc4
Kg5 58. Na5 a6 59. Nb3 Kf5 60. Kxh4 Kxe5 61. Nc5 Kd4 62. Nxa6 b3 63. Nb4 Kc4
64. Nc6 b2 65. Ne5+ Kc3 0-1

[Event "16e Tournoi d'Automne - Tournoi A"]
[Site "Montigny le Bretonneux"]
[Date "2017.10.27"]
[Round "7.3"]
[White "Lialy Yao, Mustapha"]
[Black "Veron, Cyprien"]
[Result "0-1"]
[WhiteElo "1855"]
[BlackElo "1990"]
[Annotator "Rivier,Sylvain"]
[PlyCount "62"]
[EventDate "2017.??.??"]

{Partie espagnole, défense fermée} 1. e4 e5 2. Nf3 Nc6 3. Bb5 a6 4. Ba4 Nf6 5.
O-O Be7 6. d3 d6 7. c3 O-O 8. Re1 b5 9. Bc2 Nb8 10. a4 Bb7 11. d4 Nbd7 12. Nbd2
Re8 13. Nf1 Bf8 14. Ng3 g6 15. h4 h5 16. Bg5 Bg7 17. d5 Qc8 18. Nh2 c6 19. dxc6
Qxc6 20. f4 exf4 21. Bxf4 Ne5 22. Nf3 Nfg4 23. Bb3 Qc5+ 24. Nd4 Nc6 25. Nge2
Rxe4 26. Rf1 Nxd4 27. Bxf7+ Kxf7 28. Bxd6+ Nf3+ 29. Kh1 Nf2+ 30. Rxf2 Rxh4+ 31.
Bh2 Rxh2# 0-1

[Event "16e Tournoi d'Automne - Tournoi A"]
[Site "Montigny le Bretonneux"]
[Date "2017.10.27"]
[Round "7.5"]
[White "Legrand, Stephane"]
[Black "Forissier, Nicolas"]
[Result "0-1"]
[WhiteElo "2086"]
[BlackElo "1980"]
[Annotator "Rivier,Sylvain"]
[PlyCount "88"]
[EventDate "2017.??.??"]

{Ouverture anglaise, variante symétrique classique} 1. Nf3 Nf6 2. c4 c5 3. g3
g6 4. Bg2 Bg7 5. O-O O-O 6. Nc3 Nc6 7. d4 cxd4 8. Nxd4 Ng4 9. e3 Nge5 10. b3 d6
11. h3 Nxd4 12. exd4 Nc6 13. Be3 e5 14. dxe5 dxe5 15. Bc5 Re8 16. Ne4 Qa5 17.
Qe1 Qc7 18. Rd1 Be6 19. Nd6 Red8 20. Nb5 Qc8 21. Kh2 a6 22. Nc3 Nd4 23. Bb6 Rd6
24. c5 Rxb6 25. cxb6 Bxh3 26. Nd5 Qd7 27. Qe4 Bxg2 28. Qxg2 f5 29. Nc7 Rf8 30.
Qxb7 Rd8 31. Qxa6 e4 32. Qc4+ Kh8 33. Rxd4 Bxd4 34. Rd1 f4 35. Ne6 fxg3+ 36.
fxg3 Bg1+ 37. Kg2 Qxd1 38. Nxd8 Bxb6 39. Qc3+ Bd4 40. Nf7+ Kg7 41. Qc8 Qg1+ 42.
Kh3 Qh1+ 43. Kg4 h5+ 44. Kf4 Qf3+ 0-1

[Event "16e Tournoi d'Automne - Tournoi A"]
[Site "Montigny le Bretonneux"]
[Date "2017.10.28"]
[Round "8.1"]
[White "David, Frederic"]
[Black "O'Sullivan, Thomas"]
[Result "0-1"]
[WhiteElo "1955"]
[BlackElo "2222"]
[Annotator "Rivier,Sylvain"]
[PlyCount "66"]
[EventDate "2017.??.??"]

{\/ Ouverture anglaise, variante symétrique} 1. Nf3 c5 2. c4 Nc6 3. g3 g6 4.
Bg2 Bg7 5. O-O e6 6. e3 Nge7 7. d4 O-O 8. Nc3 b6 9. b3 Ba6 10. Re1 Rc8 11. Bb2
cxd4 12. Nxd4 Nxd4 13. exd4 d6 14. d5 e5 15. a4 Rb8 16. Ba3 f5 17. Ra2 g5 18.
Qd2 Ng6 19. Nb5 Bxb5 20. axb5 Rf7 21. Qb4 Bf8 22. Bb2 e4 23. f3 Ne5 24. fxe4 f4
25. gxf4 gxf4 26. Bh3 Nf3+ 27. Kh1 Qh4 28. Qc3 Qxe1+ 29. Qxe1 Nxe1 30. Bc3 Nd3
31. Be6 Bg7 32. Rg2 Ne5 33. Bxe5 dxe5 0-1

[Event "16e Tournoi d'Automne - Tournoi A"]
[Site "Montigny le Bretonneux"]
[Date "2017.10.28"]
[Round "8.2"]
[White "Veron, Cyprien"]
[Black "Dubois, Loic"]
[Result "1-0"]
[WhiteElo "1990"]
[BlackElo "2247"]
[Annotator "Rivier,Sylvain"]
[PlyCount "45"]
[EventDate "2017.??.??"]

{Gambit dame, défense Tchigorine} 1. Nf3 Nc6 2. d4 d5 3. c4 Bg4 4. cxd5 Bxf3 5.
gxf3 Qxd5 6. e3 e5 7. Nc3 Bb4 8. Bd2 Bxc3 9. bxc3 exd4 10. cxd4 Nf6 11. Bg2 O-O
12. O-O Rfe8 13. Qb3 Qd6 14. Rac1 Rab8 15. Rfd1 Ne7 16. e4 Nh5 17. Qb4 Qd7 18.
Qc5 g6 19. Qxc7 Qxd4 20. Bg5 Qb4 21. Rc4 Qa3 22. Rc3 Qb4 23. Rb3 1-0

[Event "16e Tournoi d'Automne - Tournoi A"]
[Site "Montigny le Bretonneux"]
[Date "2017.10.28"]
[Round "8.3"]
[White "Forissier, Nicolas"]
[Black "Daurelle, Herve"]
[Result "1/2-1/2"]
[WhiteElo "1980"]
[BlackElo "2180"]
[Annotator "Rivier,Sylvain"]
[PlyCount "117"]
[EventDate "2017.??.??"]
[WhiteTeam "La Dame Noire"]
[BlackTeam "Clichy-Echecs-92"]

{Ouverture du pion dame} 1. d4 Nf6 2. Nf3 c5 3. g3 cxd4 4. Bg2 e5 5. O-O Nc6 6.
c3 dxc3 7. Nxc3 d5 8. Bg5 Be6 9. Qa4 Qd7 10. Rad1 d4 11. e3 Rd8 12. exd4 e4 13.
Ne5 Nxe5 14. dxe5 Qxa4 15. Rxd8+ Kxd8 16. Nxa4 h6 17. Be3 Nd7 18. Bxa7 Bxa2 19.
Bxe4 Bb3 20. Nc3 Bc5 21. Bxc5 Nxc5 22. Ra1 Kc7 23. Bd5 Rd8 24. Bxb3 Nxb3 25.
Ra3 Nd4 26. f4 Nc2 27. Rb3 Rd2 28. Nb5+ Kc6 29. Nd6 Nd4 30. Rc3+ Kd5 31. Rc7
Nf3+ 32. Kf1 Nxh2+ 33. Ke1 Nf3+ 34. Kf1 f6 35. exf6 gxf6 36. Nc4 Nh2+ 37. Ke1
Nf3+ 38. Kf1 Nh2+ 39. Ke1 Rd3 40. Nd2 Rxg3 41. Rxb7 Ng4 42. b4 Kc6 43. Rb8 Re3+
44. Kf1 Rd3 45. Ke2 Re3+ 46. Kf1 Rd3 47. Ke2 Rd4 48. Rc8+ Kb5 49. Rb8+ Ka6 50.
f5 Ka7 51. Re8 Rxb4 52. Re4 Rxe4+ 53. Nxe4 Kb6 54. Kf3 h5 55. Ng3 h4 56. Ne4
Nh6 57. Nxf6 Nxf5 58. Kg4 h3 59. Kxh3 1/2-1/2

[Event "16e Tournoi d'Automne - Tournoi A"]
[Site "Montigny le Bretonneux"]
[Date "2017.10.28"]
[Round "8.5"]
[White "Legrand, Stephane"]
[Black "Meillon, Judicael"]
[Result "0-1"]
[WhiteElo "2086"]
[BlackElo "1847"]
[Annotator "Rivier,Sylvain"]
[PlyCount "144"]
[EventDate "2017.??.??"]

{Défense est-indienne} 1. Nf3 Nf6 2. c4 g6 3. Nc3 Bg7 4. d4 O-O 5. Bg5 d6 6. e3
Nbd7 7. Be2 c5 8. h3 cxd4 9. exd4 b6 10. O-O Bb7 11. Qd2 Rc8 12. b4 d5 13. cxd5
Nxd5 14. Nxd5 Bxd5 15. Ba6 Rc6 16. Rfe1 f6 17. Bf4 Bxf3 18. gxf3 e5 19. d5 Rd6
20. Be3 f5 21. f4 Qh4 22. Bf1 g5 23. fxe5 Nxe5 24. Bg2 Rg6 25. Qe2 g4 26. hxg4
Nxg4 27. Bf4 Bd4 28. Rf1 Nxf2 29. Rxf2 Qxf4 30. Rd1 Bxf2+ 31. Qxf2 Qxf2+ 32.
Kxf2 Rd6 33. Kf3 Kg7 34. Kf4 Kf6 35. Rh1 Kg6 36. Bf3 Rd7 37. Rg1+ Kf6 38. Rg5
Ke7 39. Ke5 f4 40. Bg4 Rf7 41. Bh5 h6 42. Rg8 Rxd5+ 43. Kxd5 Rf5+ 44. Ke4 Rxh5
45. Rg7+ Kd6 46. Rxa7 Rh4 47. Rf7 f3+ 48. Kxf3 Rxb4 49. Rf6+ Kc5 50. Rxh6 Ra4
51. Rh2 b5 52. Rb2 Rb4 53. Rc2+ Rc4 54. Rb2 b4 55. Ke3 Kb5 56. Kd3 Rc3+ 57. Kd2
Ka4 58. Kd1 Ka3 59. Rh2 Rc4 60. Kd2 Kxa2 61. Kd3+ Kb3 62. Rh8 Rc3+ 63. Kd2 Kb2
64. Rb8 b3 65. Kd1 Rd3+ 66. Ke2 Kc2 67. Rc8+ Rc3 68. Rd8 b2 69. Rd2+ Kb3 70.
Rd1 Rc2+ 71. Ke3 Rc1 72. Rd8 b1=Q 0-1

[Event "16e Tournoi d'Automne - Tournoi A"]
[Site "Montigny le Bretonneux"]
[Date "2017.10.29"]
[Round "9.1"]
[White "O'Sullivan, Thomas"]
[Black "Veron, Cyprien"]
[Result "1-0"]
[WhiteElo "2222"]
[BlackElo "1990"]
[Annotator "Rivier,Sylvain"]
[PlyCount "81"]
[EventDate "2017.??.??"]

{Défe Défense est-indienne, variante Sämisch orthodoxe} 1. d4 Nf6 2. c4 g6 3.
f3 Bg7 4. e4 d6 5. Ne2 O-O 6. Nbc3 Nbd7 7. Be3 e5 8. Qd2 a5 9. d5 Nc5 10. g4
Ne8 11. O-O-O f5 12. gxf5 gxf5 13. Kb1 f4 14. Bf2 Bf6 15. h4 h5 16. Ng1 Kh7 17.
Bh3 Ng7 18. Nb5 b6 19. Bxc8 Qxc8 20. Nh3 Qd7 21. Rdg1 Nb7 22. Be1 c6 23. dxc6
Qxc6 24. Qd5 Rfc8 25. Bc3 Qxd5 26. cxd5 a4 27. Ng5+ Bxg5 28. Rxg5 Rc5 29. Rhg1
Rg8 30. Na7 Rc7 31. Bb4 Nc5 32. Nb5 Rd7 33. Rg6 Nd3 34. Bc3 Rgd8 35. Nxd6 Rxd6
36. Rxg7+ Kh6 37. Kc2 Nf2 38. Bxe5 Nh3 39. Bxd6 Nxg1 40. Rxg1 Rxd6 41. Kd3 1-0

[Event "16e Tournoi d'Automne - Tournoi A"]
[Site "Montigny le Bretonneux"]
[Date "2017.10.29"]
[Round "9.2"]
[White "Daurelle, Herve"]
[Black "David, Frederic"]
[Result "1-0"]
[WhiteElo "2180"]
[BlackElo "1955"]
[Annotator "Rivier,Sylvain"]
[PlyCount "61"]
[EventDate "2017.??.??"]
[WhiteTeam "Clichy-Echecs-92"]
[BlackTeam "La Dame Noire"]

{Défense scandinave} 1. e4 d5 2. exd5 Nf6 3. d4 Bg4 4. Bb5+ Nbd7 5. f3 Bf5 6.
Nc3 a6 7. Ba4 b5 8. Bb3 Nb6 9. g4 Bg6 10. a4 Nbxd5 11. Nxd5 Nxd5 12. Qe2 e6 13.
axb5 Bb4+ 14. Kf1 O-O 15. bxa6 h5 16. g5 Bf5 17. h4 Bd6 18. Nh3 c5 19. dxc5
Bxc5 20. Nf4 Nxf4 21. Bxf4 Qb6 22. Kg2 f6 23. Rhe1 fxg5 24. Bxg5 Kh8 25. Be3
Bxe3 26. Qxe3 Qb7 27. Ra4 Qb5 28. Qe5 Qc6 29. Rf4 Rf6 30. a7 Rg6+ 31. Kh2 {
suite illisible} 1-0

[Event "16e Tournoi d'Automne - Tournoi A"]
[Site "Montigny le Bretonneux"]
[Date "2017.10.29"]
[Round "9.4"]
[White "Lialy Yao, Mustapha"]
[Black "Legrand, Stephane"]
[Result "*"]
[WhiteElo "1855"]
[BlackElo "2086"]
[Annotator "Rivier,Sylvain"]
[PlyCount "79"]
[EventDate "2017.??.??"]

{Partie espagnole, gambit Jänisch} 1. e4 e5 2. Nf3 Nc6 3. Bb5 f5 4. Nc3 Nf6 5.
exf5 Bc5 6. O-O O-O 7. Nxe5 Nxe5 8. d4 Bxd4 9. Qxd4 d6 10. Bf4 Bxf5 11. Bxe5
dxe5 12. Bc4+ Kh8 13. Qxe5 Bxc2 14. Rac1 Bg6 15. Rcd1 Qe8 16. Qxe8 Raxe8 17.
Nb5 c6 18. Nd6 Re7 19. Rfe1 Rxe1+ 20. Rxe1 b5 21. Bb3 h5 22. Rc1 Be8 23. f3 Bd7
24. Nf7+ Kh7 25. Ne5 Rc8 26. Rc5 Be8 27. a4 Rb8 28. a5 Rd8 29. Be6 Rd6 30. Bf5+
g6 31. Bc2 Kg7 32. Kf2 Rd5 33. Nd3 Rxc5 34. Nxc5 Nd5 35. g3 Kf6 36. f4 Ke7 37.
Nd3 Kf6 38. h4 Ne7 39. Ne5 Nd5 40. Kf3 *

[Event "16e Tournoi d'Automne - Tournoi A"]
[Site "Montigny le Bretonneux"]
[Date "2017.10.29"]
[Round "9.5"]
[White "Meillon, Judicael"]
[Black "Forissier, Nicolas"]
[Result "1/2-1/2"]
[WhiteElo "1847"]
[BlackElo "1980"]
[Annotator "Rivier,Sylvain"]
[PlyCount "51"]
[EventDate "2017.??.??"]

{Partie italienne, guiocco piano} 1. e4 e5 2. Nf3 Nc6 3. Bc4 Bc5 4. c3 Nf6 5.
d4 exd4 6. cxd4 Bb4+ 7. Bd2 Bxd2+ 8. Nbxd2 d5 9. exd5 Nxd5 10. Qb3 Na5 11. Qa4+
c6 12. Bxd5 Qxd5 13. Rc1 b6 14. b4 Nb7 15. Qxc6+ Qxc6 16. Rxc6 O-O 17. O-O Nd8
18. Rc3 Bb7 19. Nb3 Ne6 20. Re1 Rad8 21. Ree3 Bxf3 22. gxf3 Nxd4 23. Nxd4 Rxd4
24. a3 g6 25. Re7 a5 26. Re4 1/2-1/2